| 000 | 00360pam a2200157a 44500 | ||
|---|---|---|---|
| 008 | 230515b1925 xxu||||| |||| 00| 0 eng d | ||
| 020 | _aNULL | ||
| 041 | _aSANSKRIT | ||
| 082 | _a1 | ||
| 100 | _aJAVAJI P | ||
| 245 | _aATH DHATHURUPAVALI PRARANBH | ||
| 250 | _a1 | ||
| 260 |
_aSANGAI _bN.D. _c1925 |
||
| 300 | _a100 | ||
| 650 | _aATH DHATHURUPAVALI PRARANBH | ||
| 999 |
_c497024 _d497024 |
||